| 000 | 00573nam a2200241 a 4500 | ||
|---|---|---|---|
| 001 | nice12345678 | ||
| 003 | IN_TiNIC | ||
| 005 | 20260116013511.0 | ||
| 008 | 050524s1941 newa grp 000 0 eng | ||
| 020 |
_a _c100 |
||
| 082 | 0 | 0 |
_a231.76 _bPAS |
| 100 | _aPascal, Blaise | ||
| 245 | _aProvincial Letters | ||
| 260 |
_aNew York _bModern Library _c1941 |
||
| 300 | _a620p | ||
| 500 | _aincludes index and biblioraphy | ||
| 505 | 2 | _aAppendix | |
| 650 | _aPhilosophical-Theology | ||
| 700 | 1 | _aPascal, Blaise | |
| 902 | _bSRS | ||
| 942 | _cBK | ||
| 999 |
_c11231 _d11231 |
||